=LDR 00000nam 2200000 4500 =001 INLIS000000000040628 =005 20130612150205 =008 ***********************************Ind** =035 ##$$0010-061300000040628 =041 ##$$a Ind =082 ##$$a 642 =090 ##$$a 642, Sor s =100 ##$$a Soraya, Rayya =245 ##$$a 140 menu resep rendah kolesterol, Rayya Soraya =260 ##$$a 2009 $b Yogyakarta =300 ##$$a 160 hlm, ilus, 22 cm =650 ##$$a Menu =850 ##$$a NBPNMAT